Normal view MARC view

Entry Topical Term

Number of records used in: 1

001 - CONTROL NUMBER

  • control field: 29647

003 - CONTROL NUMBER IDENTIFIER

  • control field: dpl

005 - DATE AND TIME OF LATEST TRANSACTION

  • control field: 20110718114413.0

008 - FIXED-LENGTH DATA ELEMENTS

  • fixed length control field: 110718|||a|||||| | ||| d

040 ## - CATALOGING SOURCE

  • Original cataloging agency: dpl
  • Transcribing agency: dpl

150 ## - HEADING--TOPICAL TERM

  • Topical term or geographic name as entry element: Communalism
  • Geographic subdivision: ndia

670 ## - SOURCE DATA FOUND

  • Source citation: Work cat.: (dpl)52592: Varshney, Ashutosh, 1957- 29643, Ethnic conflict and civic life :, 2010

670 ## - SOURCE DATA FOUND

  • Source citation: Work cat.: (dpl)52592: Varshney, Ashutosh, 1957- 29643, Ethnic conflict and civic life :, 2010

© Delhi Public Library
Hit Counter
free hit counter